Hybridprogrammierung <Ein> Beitrag zur Lösung der Software-Krise. Kombination der dritten und fünften Software-Generation
Guardado en:
| Autor principal: | |
|---|---|
| Autor Corporativo: | |
| Formato: | Libro |
| Lenguaje: | alemán |
| Publicado: |
Regensburg
1990
|
| Materias: | |
| Etiquetas: |
Sin Etiquetas, Sea el primero en etiquetar este registro!
|
MARC
| LEADER | 00000nam a2200000 4500 | ||
|---|---|---|---|
| 001 | c005182 | ||
| 005 | 20230116090041.8 | ||
| 041 | 0 | |a ger | |
| 044 | |a DE | ||
| 245 | 1 | 0 | |a Hybridprogrammierung |b <Ein> Beitrag zur Lösung der Software-Krise. Kombination der dritten und fünften Software-Generation |c Helmut Enders |
| 264 | 1 | |a Regensburg |c 1990 | |
| 300 | |a 172 s. | ||
| 610 | 2 | 0 | |a jazyky programovacie |
| 610 | 2 | 0 | |a softvér |
| 610 | 2 | 0 | |a spracovanie dát |
| 610 | 2 | 0 | |a systémy databázové |
| 610 | 2 | 0 | |a PROLOG |
| 610 | 2 | 0 | |a PASCAL |
| 100 | 1 | |a Enders, Helmut | |
| 710 | 2 | |a Universität Regensburg | |